Gaming Quiz

Random Gaming or WWE Quiz

WWE 2K17 Roster Quiz Stats

 Plays Quiz not verified by Sporcle

Also try: Pokémon (Gen IV)
Challenge
Share
Tweet
Embed
Score 0/134 Timer 15:00
0 Plays Today
Hint Wrestler % Correct
Cover StarBrock Lesnar
87.4%
Pre-Order (V1)Goldberg
84.8%
Pre-Order (V2)Goldberg
84.8%
John Cena
83.4%
Roman Reigns
83.1%
AJ Styles
81.8%
Seth Rollins
81.5%
Dean Ambrose
80.1%
Kevin Owens
80.1%
Big E
79.1%
Undertaker
78.8%
Triple H
78.5%
NXT Edition Shinsuke Nakamura
78.1%
Xavier Woods
78.1%
Randy Orton
77.2%
Zack Ryder
77.2%
Big Show
76.5%
Kane
76.5%
Kofi Kingston
76.5%
Aiden English
75.8%
Brie Bella
75.8%
Nikki Bella
75.5%
Steve Austin
75.2%
Alberto Del Rio
74.8%
Charlotte
74.2%
NXT Edition Apollo Crews
73.8%
Becky Lynch
73.8%
Bayley
73.5%
Sasha Banks
73.5%
The Rock
73.5%
Alexa Bliss
72.5%
Bray Wyatt
72.5%
Braun Strowman
72.2%
Shawn Michaels
72.2%
Jey Uso
71.9%
Chris Jericho
71.5%
Jimmy Uso
71.5%
Goldust
70.9%
NXT Edition Nia Jax
70.9%
Luke Harper
70.2%
The Miz
70.2%
Big Cass
69.9%
Dolph Ziggler
69.5%
Enzo Amore
69.5%
Finn Balor
69.5%
Hint Wrestler % Correct
Heath Slater
69.5%
Erick Rowan
69.2%
Sami Zayn
69.2%
Randy Savage
68.5%
Shane McMahon
68.2%
Stephanie McMahon
68.2%
Baron Corbin
67.9%
Edge
67.9%
Sheamus
67.9%
Mr. McMahon
67.5%
Stardust
67.5%
Cesaro
67.2%
Kalisto
67.2%
Ric Flair
67.2%
Samoa Joe
66.6%
Asuka
66.2%
Rusev
65.9%
Bret Hart
65.2%
Sin Cara
65.2%
Chad Gable
64.9%
Simon Gotch
64.6%
Alicia Fox
64.2%
Jason Jordan
64.2%
Andre the Giant
63.2%
Big Boss Man
62.9%
Christian
62.9%
Naomi
62.6%
Paige
62.6%
Natalya
62.3%
Carmella
61.9%
Daniel Bryan
61.9%
Fandango
61.9%
Mark Henry
60.9%
Arn Anderson
60.3%
Viktor
60.3%
Tyler Breeze
59.9%
Neville
59.3%
Darren Young
58.9%
Konnor
58.9%
Bo Dallas
58.6%
Diesel
58.6%
R-Truth
58.3%
Jack Swagger
57.9%
Ultimate Warrior
57.3%
Bubba Ray Dudley
57%
Hint Wrestler % Correct
D-Von Dudley
56.6%
Titus O'Neil
56.6%
Curtis Axel
56.3%
Billy Gunn
55.6%
Sting
55.3%
Dana Brooke
55%
Dusty Rhodes
55%
Razor Ramon
54.6%
JBL
54.3%
Booker T
54%
Eva Marie
53.6%
Road Dogg
53.3%
Lita
52.6%
Trish Stratus
52.3%
Diego
52%
Fernando
51.7%
Dash Wilder
50.7%
Tyson Kidd
50.3%
Tamina
50%
Jim Neidhart
49.7%
Scott Dawson
49.7%
Wesley Blake
49.3%
Summer Rae
49%
Buddy Murphy
48.3%
Vader
47%
Bushwhacker Luke
46.4%
Alundra Blayze
45.7%
Rick Rude
44.7%
Emma
44.4%
Rikishi
44.4%
Jake Roberts
44%
Ricky Steamboat
43.7%
Hideo Itami
42.4%
Bam Bam Bigelow
42.1%
British Bulldog
41.4%
DDP
41.4%
Bushwhacker Butch
40.4%
Brian Pillman
39.4%
Earthquake
39.4%
Typhoon
38.1%
Lex Luger
37.7%
Mr. Perfect
37.1%
Tatsumi Fujinami
27.8%
Larry Zybszko
18.2%

You're not logged in!

Compare scores with friends on all Sporcle quizzes.
OR
Log In

You Might Also Like...

Show Comments

Extras

Created Aug 31, 2016ReportNominate
Tags:WWE Quiz, roster

Top Quizzes Today


Score Distribution

Your Account Isn't Verified!

In order to create a playlist on Sporcle, you need to verify the email address you used during registration. Go to your Sporcle Settings to finish the process.

Report this User

Report this user for behavior that violates our Community Guidelines.

Details: